Sangbadikata (Record no. 7598)

MARC details
000 -LEADER
fixed length control field 00498cam a2200205ua 4500
001 - CONTROL NUMBER
control field 8502
005 - DATE AND TIME OF LATEST TRANSACTION
control field 20260515114337.0
008 - FIXED-LENGTH DATA ELEMENTS--GENERAL INFORMATION
fixed length control field 150205n ii |||gr||||Z||||||asm
040 ## - CATALOGING SOURCE
Transcribing agency MAIN
041 ## - LANGUAGE CODE
Language code of text/sound track or separate title asm
082 ## - DEWEY DECIMAL CLASSIFICATION NUMBER
Classification number 070.4
100 ## - MAIN ENTRY--PERSONAL NAME
Personal name Mahanta, P. Kr.,
Relator term Editor.
245 1# - TITLE STATEMENT
Title Sangbadikata
Statement of responsibility, etc. Edited by Prasanta Kr. Mahanta
250 ## - EDITION STATEMENT
Edition statement 2nd.
260 ## - PUBLICATION, DISTRIBUTION, ETC.
Place of publication, distribution, etc. Jorhat:
Name of publisher, distributor, etc. Grantha,
Date of publication, distribution, etc. 2005.
300 ## - PHYSICAL DESCRIPTION
Extent 304p.
653 ## - INDEX TERM--UNCONTROLLED
Uncontrolled term News media, journalism & publishing
653 ## - INDEX TERM--UNCONTROLLED
Uncontrolled term Journalism
942 ## - ADDED ENTRY ELEMENTS (KOHA)
Koha item type Books
Holdings
Withdrawn status Lost status Damaged status Not for loan Home library Current library Shelving location Date acquired Total checkouts Full call number Barcode Date last seen Copy number Price effective from Koha item type
        Naharkatiya College Library Naharkatiya College Library General stacks 09/19/2020   070.4 | SAN 16678 09/19/2020 1 09/19/2020 Books